Principles of Kwanzaa Quiz Stats

 Plays Quiz Updated Mar 31, 2020

     
Support Sporcle.
Go Orange.
Score 0/7 Timer 03:00
1 Play Today
Day Principle % Correct
Day 7Imani (Faith)
76.3%
Day 1Umoja (Unity)
72.7%
Day 5Nia (Purpose)
50.2%
Day 2Kujichagulia (Self-Determination)
47.2%
Day 6Kuumba (Creativity)
45.6%
Day 3Ujima (Collective Work and Responsibility)
45%
Day 4Ujamaa (Cooperative Economics)
40.2%

From the Vault

Time's Women of the Year Covers

by vinipereira

History 4m
If you're looking for influential women, we've got you covered.
Remove Ads.
Support Sporcle.
Get the best of Sporcle when you Go Orange. This ad-free experience offers more features, more stats, and more fun while also helping to support Sporcle. Thank you for becoming a member.

Show Comments

Extras

Top Quizzes Today


Score Distribution

Your Account Isn't Verified!

In order to create a playlist on Sporcle, you need to verify the email address you used during registration. Go to your Sporcle Settings to finish the process.

Report this User

Report this user for behavior that violates our Community Guidelines.

Details: